Secure systems development with UML (Record no. 195849)

MARC details
000 -LEADER
fixed length control field 00401nam a2200157Ia 4500
005 - DATE AND TIME OF LATEST TRANSACTION
control field 20250529092638.0
008 - FIXED-LENGTH DATA ELEMENTS--GENERAL INFORMATION
fixed length control field 231217s9999 xx 000 0 und d
020 ## - INTERNATIONAL STANDARD BOOK NUMBER
International Standard Book Number 9783540007012
082 ## - DEWEY DECIMAL CLASSIFICATION NUMBER
Classification number 001.6424UML JUR;1 R
100 ## - MAIN ENTRY--PERSONAL NAME
Personal name Jurjens, Jan.
245 #0 - TITLE STATEMENT
Title Secure systems development with UML
260 ## - PUBLICATION, DISTRIBUTION, ETC. (IMPRINT)
Date of publication, distribution, etc. 2005
Name of publisher, distributor, etc. Springer
Place of publication, distribution, etc. New York
300 ## - PHYSICAL DESCRIPTION
Extent xix, 309
650 ## - SUBJECT ADDED ENTRY--TOPICAL TERM
Topical term or geographic name as entry element Secure,UML
942 ## - ADDED ENTRY ELEMENTS (KOHA)
Koha item type Books
Holdings
Date last seen Total Checkouts Full call number Accession number Old discount Cost, replacement price Price effective from Category Lost status Damaged status Department Withdrawn status bill no. bill date Permanent Location Current Location Shelving location Entry date Vendor Cost, normal purchase price Grants Currency symbol Conversion rate Discount Discount type
26/01/2024   001.6424UML JUR;1 R 87229   4321.00 26/01/2024 Books     Central Library   DT-130913-3959-0036 22/10/2022 Central Library Central Library Central Library 13/09/2013 NSI Infinium global 4321.00 IS/PG RS 1   Rupees
26/01/2024   001.6424UML JUR;2 87230   4321.00 26/01/2024 Books     IS/PG   DT-130913-3959-0036 22/10/2022 Central Library Central Library Information Science 13/09/2013 NSI Infinium global 4321.00 IS/PG RS 1   Rupees

© For any Suggestions or Query, please contact the library staff @ librarian@pes.edu or Phone: +9180 2672 1983/ 2108.